[Event "GER-ch Seniors 65"]
[Site "Hamburg"]
[Date "2018.07.29"]
[Round "9"]
[White "Schmitthoefer, Herbert"]
[Black "Schubert, Joachim"]
[Result "1-0"]
[WhiteElo "1821"]
[BlackElo "1866"]
[PlyCount "97"]
[EventDate "2018.07.21"]
[EventType "swiss"]
[EventRounds "9"]
[EventCountry "GER"]
[SourceTitle "CBM 186 Extra"]
[Source "ChessBase"]
[SourceDate "2018.08.24"]
[SourceVersion "1"]
[SourceVersionDate "2018.08.24"]
[SourceQuality "1"]

1. d4 f5 2. Nf3 Nf6 3. g3 e6 4. Bg2 c6 5. Nbd2 Bb4 6. c3 Ba5 7. b4 Bc7 8. 0-0 0-0 9. Re1 d5 10. a4 Qe8 11. c4 a6 12. Ba3 Bd6 13. c5 Bc7 14. Ne5 g5 15. Qb3 h6 16. Ndf3 Ne4 17. Bc1 Nd7 18. Nxd7 Qxd7 19. Nd2 Nf6 20. f3 Kg7 21. Bb2 h5 22. e4 h4 23. e5 Nh5 24. Nf1 Kh8 25. gxh4 gxh4 26. Kf2 Rg8 27. Ne3 Qh7 28. Rg1 Bd7 29. Bh1 Nf4 30. Rxg8+ Rxg8 31. Ng2 Nh3+ 32. Ke2 Be8 33. Qe3 Ng5 34. Rg1 Bd8 35. Nf4 h3 36. Bc1 Bf7 37. Bd2 Be7 38. Rg3 Rg7 39. Be1 Kg8 40. Bf2 Kf8 41. Qd3 Qh6 42. Be3 Qh4 43. b5 axb5 44. axb5 Be8 45. Rxg5 Bxg5 46. Nxe6+ Ke7 47. Nxg7 Bg6 48. Nxf5+ Bxf5 49. Qxf5 1-0

[Event "GER-chB Seniors 28th"]
[Site "Niederhausen"]
[Date "2016.08.15"]
[Round "3"]
[White "Schmitthoefer, Herbert"]
[Black "Niedenthal, Robert"]
[Result "1/2-1/2"]
[WhiteElo "1885"]
[BlackElo "1769"]
[PlyCount "124"]
[EventDate "2016.08.13"]
[EventType "swiss"]
[EventRounds "9"]
[EventCountry "GER"]
[SourceTitle "EXT 2019"]
[Source "ChessBase"]
[SourceDate "2018.10.10"]
[SourceVersion "1"]
[SourceVersionDate "2018.10.10"]
[SourceQuality "1"]

1. d4 Nf6 2. c4 c5 3. e3 g6 4. Nc3 Bg7 5. Nf3 0-0 6. Be2 cxd4 7. exd4 d5 8. h3 Nc6 9. 0-0 Bf5 10. Be3 Re8 11. Rc1 Rc8 12. cxd5 Nb4 13. Ne5 Nbxd5 14. g4 Be6 15. Qd2 Nxe3 16. Qxe3 a6 17. f4 Nd5 18. Nxd5 Bxd5 19. Rxc8 Qxc8 20. Rc1 Qd8 21. a3 e6 22. b4 f6 23. Nf3 Qb8 24. h4 b5 25. h5 gxh5 26. Nh4 hxg4 27. Bxg4 f5 28. Bh5 Rf8 29. Qg3 Kh8 30. Rc2 Bxd4+ 31. Kf1 Rg8 32. Ng6+ Rxg6 33. Bxg6 Bc4+ 34. Ke1 h6 35. Rh2 Bg7 36. Rd2 Qa8 37. Qg2 Bd5 38. Rxd5 Qxd5 39. Qxd5 exd5 40. Bxf5 Bb2 41. Bc8 Bxa3 42. Bxa6 Bxb4+ 43. Ke2 Bd6 44. Bxb5 Bxf4 45. Kf3 Bc1 46. Bc6 d4 47. Ke4 Bb2 48. Kd3 Kg7 49. Be4 Kf6 50. Bf3 Ke5 51. Be2 Kf4 52. Bh5 Kg5 53. Bf3 h5 54. Ke2 h4 55. Kf2 Bc1 56. Be4 h3 57. Bd3 h2 58. Kg2 Bf4 59. Be2 Kf5 60. Bc4 Ke4 61. Bb5 Bg3 62. Bc4 Be5 1/2-1/2

[Event "GER-chB Seniors 27th"]
[Site "Magdeburg"]
[Date "2015.08.16"]
[Round "2"]
[White "Schmitthoefer, Herbert"]
[Black "Wraga, Hermann"]
[Result "1/2-1/2"]
[WhiteElo "1904"]
[BlackElo "1669"]
[PlyCount "106"]
[EventDate "2015.08.15"]
[EventType "swiss"]
[EventRounds "9"]
[EventCountry "GER"]
[SourceTitle "EXT 2018"]
[Source "ChessBase"]
[SourceDate "2017.10.13"]
[SourceVersion "1"]
[SourceVersionDate "2017.10.13"]
[SourceQuality "1"]

1. d4 f5 2. Nf3 g6 3. c4 Nf6 4. Nc3 Bg7 5. g3 c6 6. Bg2 0-0 7. 0-0 d6 8. b4 Na6 9. b5 Nc7 10. a4 Bd7 11. Bb2 Qe8 12. Nd2 e5 13. dxe5 dxe5 14. Nf3 e4 15. Nd4 Rd8 16. Ba3 Rf7 17. Bd6 Ne6 18. e3 c5 19. Nb3 Bc8 20. Nd5 Nxd5 21. cxd5 Rfd7 22. Bb8 Rxd5 23. Qb1 Bxa1 24. Qxa1 Qd7 25. Qf6 Qf7 26. Qa1 Rd3 27. Na5 Qg7 28. Be5 Qd7 29. Bf6 Rf8 30. Re1 Qf7 31. Be5 Rfd8 32. Bf1 R3d7 33. Bc4 Kf8 34. Nb3 b6 35. a5 Bb7 36. axb6 axb6 37. Bf4 Bd5 38. Bxd5 Rxd5 39. Qh8+ Ke7 40. Qa1 Nxf4 41. gxf4 R5d7 42. Qe5+ Qe6 43. Qg7+ Kd6 44. Rd1+ Kc7 45. Rxd7+ Rxd7 46. Qc3 Qd6 47. Kg2 h6 48. h4 Rh7 49. Nd4 Kd7 50. Nc6 g5 51. Qa1 Ke6 52. Qa8 Qc7 53. Qe8+ Re7 1/2-1/2

[Event "GER-ch Seniors"]
[Site "Dresden"]
[Date "2012.08.11"]
[Round "3"]
[White "Scholz, Werner"]
[Black "Schmitthoefer, Herbert"]
[Result "1/2-1/2"]
[WhiteElo "1783"]
[BlackElo "1927"]
[PlyCount "136"]
[EventDate "2012.08.09"]
[EventType "swiss"]
[EventRounds "9"]
[EventCountry "GER"]
[SourceTitle "EXT 2014"]
[Source "ChessBase"]
[SourceDate "2013.11.20"]
[SourceVersion "1"]
[SourceVersionDate "2013.11.20"]
[SourceQuality "1"]

1. d4 Nf6 2. Nf3 g6 3. c4 Bg7 4. Nc3 0-0 5. e4 d6 6. Be2 e5 7. dxe5 dxe5 8. 0-0 Qe7 9. Bg5 c6 10. Qc2 h6 11. Bh4 g5 12. Bg3 Nh5 13. Rad1 Na6 14. a3 Nxg3 15. fxg3 Be6 16. b4 Nc7 17. h3 a5 18. Qb3 axb4 19. axb4 Na6 20. Rb1 b5 21. g4 Rfd8 22. Rfd1 Rxd1+ 23. Nxd1 Rd8 24. Ne3 f6 25. Qa3 Nc7 26. c5 Ra8 27. Qd3 Bf8 28. Nf5 Bxf5 29. gxf5 Rd8 30. Qb3+ Qf7 31. Qc3 h5 32. Bd1 Qg7 33. Bb3+ Kh8 34. Qe1 Qh7 35. Rd1 Qe7 36. Qe2 Rxd1+ 37. Qxd1 Na6 38. Qd2 Nb8 39. Be6 Qc7 40. Qd1 Qe7 41. Nh2 Qe8 42. Nf1 Be7 43. Qb3 Kg7 44. g3 Qd8 45. Qf3 Qd4+ 46. Kh2 Kh6 47. Bf7 g4 48. Qe3+ Qxe3 49. Nxe3 gxh3 50. Kxh3 Kg5 51. Kg2 Na6 52. Nc2 h4 53. gxh4+ Kxh4 54. Kf3 Bf8 55. Be8 Nb8 56. Ne1 Bh6 57. Nc2 Bd2 58. Ke2 Bc3 59. Kd3 Bb2 60. Ne1 Kg5 61. Nc2 Kh6 62. Ne3 Kg7 63. Kc2 Bd4 64. Kd3 Kf8 65. Nc2 Bb2 66. Bh5 Ke7 67. Ne1 Na6 68. Nc2 Bc1 1/2-1/2

[Event "GER-ch Seniors-B 20th"]
[Site "Erfurt"]
[Date "2008.08.12"]
[Round "8"]
[White "Borkenhagen, Bernd"]
[Black "Schmitthoefer, Herbert"]
[Result "0-1"]
[WhiteElo "1506"]
[BlackElo "1681"]
[PlyCount "106"]
[EventDate "2008.08.05"]
[EventType "swiss"]
[EventRounds "9"]
[EventCountry "GER"]
[SourceTitle "CBM 126 Extra"]
[Source "ChessBase"]
[SourceDate "2008.11.05"]
[SourceVersion "1"]
[SourceVersionDate "2008.11.05"]
[SourceQuality "1"]

1. d4 Nf6 2. e3 g6 3. Bd3 Bg7 4. Nd2 0-0 5. Ngf3 d6 6. h3 Nbd7 7. 0-0 c5 8. c3 Qc7 9. Re1 d5 10. e4 dxe4 11. Nxe4 Nxe4 12. Bxe4 Nf6 13. Bg5 Nxe4 14. Rxe4 e6 15. Bf4 Qa5 16. dxc5 Rd8 17. Qb3 Qxc5 18. Be5 f6 19. Bd4 Qc6 20. Ree1 Rd5 21. a3 e5 22. Be3 Be6 23. Qc2 Bf5 24. Qb3 Kh8 25. Rad1 Rb5 26. Qa2 Be6 27. Qa1 Bb3 28. Rd2 a6 29. Qc1 Re8 30. Kf1 f5 31. Bg5 h6 32. Bh4 f4 33. Rd8 g5 34. Rxe8+ Qxe8 35. Bxg5 hxg5 36. Nxg5 Bc4+ 37. Kg1 Qg6 38. Ne4 Be6 39. Kh2 Bd5 40. f3 Bxe4 41. Rxe4 Qg3+ 42. Kg1 Rd5 43. Qc2 b5 44. b3 Bf8 45. b4 Bd6 46. Qe2 Bc7 47. c4 bxc4 48. Rxc4 Bb6+ 49. Kh1 Be3 50. Rc8+ Kg7 51. Rc7+ Kf6 52. Rc6+ Kg5 53. Qc2 Qe1+ 0-1

[Event "GER-ch Seniors-B 20th"]
[Site "Erfurt"]
[Date "2008.08.11"]
[Round "7"]
[White "Schmitthoefer, Herbert"]
[Black "Roettger, Franz"]
[Result "0-1"]
[WhiteElo "1681"]
[BlackElo "1678"]
[PlyCount "116"]
[EventDate "2008.08.05"]
[EventType "swiss"]
[EventRounds "9"]
[EventCountry "GER"]
[SourceTitle "CBM 126 Extra"]
[Source "ChessBase"]
[SourceDate "2008.11.05"]
[SourceVersion "1"]
[SourceVersionDate "2008.11.05"]
[SourceQuality "1"]

1. d4 d5 2. c4 c6 3. Nc3 Nf6 4. e3 Bf5 5. Nf3 e6 6. cxd5 exd5 7. Nh4 Bg4 8. Qb3 Qb6 9. Qc2 Be7 10. Bd3 0-0 11. h3 Bh5 12. Nf5 Qc7 13. 0-0 Bg6 14. f3 c5 15. Nb5 Qd7 16. Nxe7+ Qxe7 17. Bxg6 fxg6 18. Qxc5 Qxc5 19. dxc5 Na6 20. Bd2 Nxc5 21. Bb4 b6 22. Rfd1 Rfc8 23. Rac1 a6 24. Nd4 Re8 25. Kf2 Rac8 26. Bxc5 bxc5 27. Nb3 c4 28. Nd4 Rb8 29. Rc2 Rb7 30. b3 cxb3 31. Nxb3 Rbe7 32. Rc3 h5 33. Rd4 Rb7 34. Ra4 Rb6 35. Ra5 Ra8 36. Rcc5 g5 37. g4 Rf8 38. gxh5 Ne4+ 39. Ke2 Nxc5 40. Rxc5 Rb5 41. h6 Rxc5 42. Nxc5 gxh6 43. Nxa6 Kf7 44. Nb4 Ke6 45. a4 Ra8 46. Nd3 Kd6 47. f4 Rxa4 48. fxg5 hxg5 49. Kf3 Ra3 50. Nf2 d4 51. Ne4+ Ke5 52. Nxg5 Rxe3+ 53. Kf2 Kd5 54. Nf3 Re8 55. h4 d3 56. h5 Kc4 57. h6 Kc3 58. h7 d2 0-1

[Event "GER-ch Seniors-B 20th"]
[Site "Erfurt"]
[Date "2008.08.10"]
[Round "6"]
[White "Petroschka, Bernd"]
[Black "Schmitthoefer, Herbert"]
[Result "1-0"]
[WhiteElo "1743"]
[BlackElo "1681"]
[PlyCount "90"]
[EventDate "2008.08.05"]
[EventType "swiss"]
[EventRounds "9"]
[EventCountry "GER"]
[SourceTitle "CBM 126 Extra"]
[Source "ChessBase"]
[SourceDate "2008.11.05"]
[SourceVersion "1"]
[SourceVersionDate "2008.11.05"]
[SourceQuality "1"]

1. d4 Nf6 2. c4 g6 3. Nc3 Bg7 4. e4 d6 5. Nf3 0-0 6. Be2 e5 7. 0-0 exd4 8. Nxd4 Re8 9. f3 Na6 10. Be3 c6 11. Qd2 Nc7 12. Bg5 d5 13. cxd5 cxd5 14. Rad1 Qd7 15. Ndb5 Ne6 16. Bxf6 Bxf6 17. Nxd5 Qd8 18. Nxf6+ Qxf6 19. Qc3 Qxc3 20. Nxc3 Rd8 21. Rxd8+ Nxd8 22. Bc4 Be6 23. Bxe6 Nxe6 24. Rd1 b6 25. Kf2 Kf8 26. Ke3 h5 27. h4 a6 28. Nd5 b5 29. Rc1 a5 30. Nc7 Nxc7 31. Rxc7 b4 32. b3 Ke8 33. e5 Kf8 34. g3 Ke8 35. Ke4 Ra6 36. Kd5 Ra8 37. Rc5 a4 38. Rb5 axb3 39. axb3 f6 40. exf6 Kf7 41. Rxb4 Kxf6 42. Rf4+ Ke7 43. b4 Rg8 44. Re4+ Kd7 45. f4 Rb8 1-0

[Event "GER-ch Seniors-B 20th"]
[Site "Erfurt"]
[Date "2008.08.06"]
[Round "2"]
[White "Berndt, Wolfgang"]
[Black "Schmitthoefer, Herbert"]
[Result "0-1"]
[WhiteElo "1554"]
[BlackElo "1681"]
[PlyCount "116"]
[EventDate "2008.08.05"]
[EventType "swiss"]
[EventRounds "9"]
[EventCountry "GER"]
[SourceTitle "CBM 126 Extra"]
[Source "ChessBase"]
[SourceDate "2008.11.05"]
[SourceVersion "1"]
[SourceVersionDate "2008.11.05"]
[SourceQuality "1"]

1. e4 c5 2. Nf3 d6 3. d4 cxd4 4. Nxd4 Nf6 5. Nc3 a6 6. Bg5 Qa5 7. Qd2 Nbd7 8. Nb3 Qc7 9. f4 b5 10. a3 Bb7 11. Bd3 h6 12. Bh4 e6 13. 0-0 Be7 14. Bg3 Nh5 15. Bf2 e5 16. fxe5 Nxe5 17. Nd5 Bxd5 18. exd5 0-0 19. Be2 Nf6 20. Be3 Ne4 21. Qd1 f5 22. Nd4 Qd7 23. Ne6 Rf6 24. c3 Nc5 25. Nf4 g5 26. Nh5 Rf7 27. Qc2 Raf8 28. Rad1 f4 29. Bd4 Qf5 30. Qxf5 Rxf5 31. Bxe5 Rxe5 32. Bg4 Bd8 33. g3 Na4 34. Rd2 Bb6+ 35. Kg2 Be3 36. gxf4 gxf4 37. Re2 Nc5 38. Bf3 Rff5 39. Kh1 Rxh5 40. Bxh5 Rxh5 41. Rd1 Ne4 42. Kg2 Kf7 43. Kf3 Nf6 44. Rc2 Nxd5 45. c4 bxc4 46. Rxc4 Ke6 47. Rc6 Rxh2 48. b4 Rf2+ 49. Ke4 Nf6+ 50. Kd3 a5 51. b5 Ra2 52. Kc4 Rc2+ 53. Kb3 Rxc6 54. bxc6 d5 55. Ka4 Kd6 56. Kb5 Ne4 57. Rh1 f3 58. Rf1 f2 0-1

[Event "GER-ch Seniors-B 20th"]
[Site "Erfurt"]
[Date "2008.08.05"]
[Round "1"]
[White "Schmitthoefer, Herbert"]
[Black "Paulsen, Eckart"]
[Result "1/2-1/2"]
[WhiteElo "1681"]
[BlackElo "1608"]
[PlyCount "71"]
[EventDate "2008.08.05"]
[EventType "swiss"]
[EventRounds "9"]
[EventCountry "GER"]
[SourceTitle "CBM 126 Extra"]
[Source "ChessBase"]
[SourceDate "2008.11.05"]
[SourceVersion "1"]
[SourceVersionDate "2008.11.05"]
[SourceQuality "1"]

1. d4 d5 2. c4 Nc6 3. e3 Nf6 4. Nc3 dxc4 5. Bxc4 e6 6. Nf3 Bb4 7. a3 Bxc3+ 8. bxc3 a6 9. Qc2 0-0 10. 0-0 Ne7 11. e4 c6 12. Bd3 Ng6 13. e5 Nd5 14. Bg5 Qc7 15. c4 Nde7 16. h4 h6 17. Bd2 Rd8 18. h5 Nf8 19. g4 c5 20. dxc5 Nc6 21. Bc3 Nd7 22. Rad1 Kf8 23. Qe2 Nxc5 24. Bc2 Bd7 25. Bb4 b6 26. Bxc5+ bxc5 27. Qe4 Be8 28. Rfe1 Rxd1 29. Rxd1 Rd8 30. Rxd8 Qxd8 31. Qh7 Nd4 32. Qh8+ Ke7 33. Nxd4 Qxd4 34. Qxg7 Qxc4 35. Bd1 Qc1 36. Qf6+ 1/2-1/2

[Event "GER-ch Seniors-B 17th"]
[Site "Essen"]
[Date "2005.08.28"]
[Round "8"]
[White "Schmitthoefer, Herbert"]
[Black "Meinhardt, Guenther"]
[Result "1/2-1/2"]
[WhiteElo "1749"]
[BlackElo "2005"]
[PlyCount "139"]
[EventDate "2005.08.20"]
[EventType "swiss"]
[EventRounds "9"]
[EventCountry "GER"]
[SourceTitle "CBM 108 Extra"]
[Source "ChessBase"]
[SourceDate "2005.11.04"]
[SourceVersion "1"]
[SourceVersionDate "2005.11.04"]
[SourceQuality "1"]

1. d4 Nf6 2. Nf3 e6 3. c4 d5 4. Nc3 c5 5. e3 Nc6 6. cxd5 exd5 7. Bb5 Bd6 8. dxc5 Bxc5 9. Ne5 Qc7 10. Nf3 0-0 11. 0-0 Ne7 12. Re1 a6 13. Bd3 b5 14. Qc2 Bd6 15. e4 dxe4 16. Nxe4 Ned5 17. Nxd6 Qxd6 18. a3 Bb7 19. b4 Nf4 20. Bf1 Nh3+ 21. gxh3 Bxf3 22. Qf5 Bb7 23. Qc5 Qxc5 24. bxc5 Rac8 25. Be3 Nd5 26. Bd4 Nf4 27. Be5 Ng6 28. Bd6 Rfe8 29. f4 Nh4 30. Kf2 Nf5 31. Rxe8+ Rxe8 32. Bc7 h6 33. Rb1 Re7 34. Bd6 Nxd6 35. cxd6 Rd7 36. Rd1 f5 37. h4 Kf7 38. a4 Bc6 39. axb5 axb5 40. Rb1 Rb7 41. Re1 Kf6 42. Rc1 Rb6 43. Bd3 b4 44. Bc4 b3 45. Bxb3 Rxb3 46. Rxc6 Rd3 47. d7+ Ke7 48. Rc5 Kf6 49. Rc7 g6 50. Rc6+ Kf7 51. h5 gxh5 52. Rxh6 Rxd7 53. Rxh5 Ke6 54. h4 Ra7 55. Rh6+ Kd5 56. h5 Ke4 57. Kg3 Ra3+ 58. Kf2 Kxf4 59. Rh8 Ra2+ 60. Kg1 Kf3 61. Re8 f4 62. h6 Ra1+ 63. Kh2 Ra6 64. Rh8 Kf2 65. Kh3 f3 66. h7 Kf1 67. Kg3 f2 68. Rb8 Rg6+ 69. Kf3 Rf6+ 70. Kg3 1/2-1/2

[Event "Essen op04"]
[Site "Essen"]
[Date "2005.04.18"]
[Round "7"]
[White "Schmitthoefer, Herbert"]
[Black "Riek, Wolfgang"]
[Result "1-0"]
[WhiteElo "1769"]
[BlackElo "1733"]
[PlyCount "57"]
[EventDate "2005.04.04"]
[EventType "swiss"]
[EventRounds "9"]
[EventCountry "GER"]
[SourceTitle "EXT 2007"]
[Source "ChessBase"]
[SourceDate "2006.11.23"]
[SourceVersion "1"]
[SourceVersionDate "2006.11.23"]
[SourceQuality "1"]

1. d4 d5 2. Nf3 Nf6 3. c4 e6 4. Nc3 Bb4 5. cxd5 exd5 6. Qc2 0-0 7. e3 Bg4 8. Ne5 Nbd7 9. Nxg4 Nxg4 10. Bd3 g6 11. a3 Bxc3+ 12. bxc3 c6 13. h4 Ndf6 14. f3 Nh6 15. Qf2 Kg7 16. Bd2 Re8 17. 0-0 Nhg8 18. e4 dxe4 19. fxe4 Nxe4 20. Qxf7+ Kh8 21. Bxe4 Rxe4 22. Bg5 Qe8 23. Qxb7 h6 24. Rf7 Qxf7 25. Qxf7 hxg5 26. Qxg6 Rxh4 27. Qxg5 Rh6 28. Rf1 Re8 29. Rf7 1-0

[Event "Essen op04"]
[Site "Essen"]
[Date "2005.04.11"]
[Round "4"]
[White "Burnat, Horst"]
[Black "Schmitthoefer, Herbert"]
[Result "0-1"]
[WhiteElo "1585"]
[BlackElo "1769"]
[PlyCount "66"]
[EventDate "2005.04.04"]
[EventType "swiss"]
[EventRounds "9"]
[EventCountry "GER"]
[SourceTitle "EXT 2007"]
[Source "ChessBase"]
[SourceDate "2006.11.23"]
[SourceVersion "1"]
[SourceVersionDate "2006.11.23"]
[SourceQuality "1"]

1. e4 c5 2. c3 Nf6 3. e5 Nd5 4. Nf3 e6 5. d4 cxd4 6. cxd4 Nc6 7. a3 d6 8. Nc3 Nxc3 9. bxc3 dxe5 10. dxe5 Qa5 11. Bd2 Nxe5 12. Nd4 a6 13. Be2 Bd6 14. 0-0 Ng6 15. c4 Qc7 16. g3 e5 17. Nb3 Bh3 18. Re1 0-0 19. c5 Be7 20. Bf3 Qd7 21. Qc2 Bf5 22. Be4 Bxe4 23. Rxe4 f5 24. Rc4 f4 25. Qd1 fxg3 26. hxg3 Rad8 27. Qe2 Qb5 28. Bb4 Rd5 29. Rac1 Rfd8 30. Qe4 Qd7 31. Kg2 Bg5 32. R1c2 Rd1 33. Na5 Nf4+ 0-1

[Event "Essen op04"]
[Site "Essen"]
[Date "2005.04.06"]
[Round "3"]
[White "Schmitthoefer, Herbert"]
[Black "Bischof, Rainer"]
[Result "0-1"]
[WhiteElo "1769"]
[BlackElo "1896"]
[PlyCount "50"]
[EventDate "2005.04.04"]
[EventType "swiss"]
[EventRounds "9"]
[EventCountry "GER"]
[SourceTitle "EXT 2007"]
[Source "ChessBase"]
[SourceDate "2006.11.23"]
[SourceVersion "1"]
[SourceVersionDate "2006.11.23"]
[SourceQuality "1"]

1. d4 d5 2. c4 c6 3. Nf3 Nf6 4. Nc3 a6 5. e3 Bg4 6. cxd5 cxd5 7. Bd3 Nc6 8. h3 Bh5 9. 0-0 e6 10. Bd2 Bd6 11. Rc1 0-0 12. a3 Rc8 13. Be2 Qe7 14. Ne1 Bg6 15. f4 Ne4 16. Nxe4 Bxe4 17. Nf3 f6 18. Bc3 e5 19. dxe5 fxe5 20. Ng5 exf4 21. Nxe4 dxe4 22. Qd5+ Kh8 23. Bd2 Rcd8 24. Qb3 f3 25. gxf3 Qg5+ 0-1

[Event "Essen op04"]
[Site "Essen"]
[Date "2005.04.04"]
[Round "1"]
[White "Schmitthoefer, Herbert"]
[Black "Dahlhaus, Friedhelm"]
[Result "0-1"]
[WhiteElo "1769"]
[BlackElo "2017"]
[PlyCount "48"]
[EventDate "2005.04.04"]
[EventType "swiss"]
[EventRounds "9"]
[EventCountry "GER"]
[SourceTitle "EXT 2007"]
[Source "ChessBase"]
[SourceDate "2006.11.23"]
[SourceVersion "1"]
[SourceVersionDate "2006.11.23"]
[SourceQuality "1"]

1. d4 Nf6 2. c4 e6 3. Nc3 Bb4 4. Qc2 c5 5. dxc5 0-0 6. Nf3 Na6 7. a3 Bxc3+ 8. Qxc3 Nxc5 9. Qc2 b6 10. Bf4 Bb7 11. Bd6 Re8 12. Rd1 Nce4 13. Bg3 Rc8 14. Nd2 d5 15. Nxe4 Nxe4 16. f3 Nxg3 17. hxg3 h6 18. Rd4 Rxc4 19. Rxc4 dxc4 20. Qxc4 Qf6 21. Qc3 Qg5 22. g4 Rc8 23. Qd4 e5 24. Qd7 Qe3 0-1

[Event "GER-ch Seniors 15th"]
[Site "Bad Wiessee"]
[Date "2003.05.10"]
[Round "1"]
[White "Minz, Michail"]
[Black "Schmitthoefer, Herbert"]
[Result "1-0"]
[WhiteElo "2161"]
[BlackElo "2028"]
[PlyCount "83"]
[EventDate "2003.05.??"]
[EventType "swiss"]
[EventRounds "9"]
[EventCountry "GER"]
[SourceTitle "EXT 2006"]
[Source "ChessBase"]
[SourceDate "2005.11.24"]
[SourceVersion "1"]
[SourceVersionDate "2005.11.24"]
[SourceQuality "1"]

1. e4 c5 2. Nc3 Nc6 3. g3 e6 4. Bg2 Be7 5. f4 d6 6. Nf3 h5 7. h3 Bf6 8. d3 Bd7 9. Be3 Nd4 10. Qc1 Nxf3+ 11. Bxf3 Bc6 12. Qd2 Qc7 13. Nd1 Ne7 14. Qe2 g6 15. Bd2 e5 16. Bc3 0-0-0 17. fxe5 Bxe5 18. Bxe5 dxe5 19. Ne3 Bd7 20. Nd5 Nxd5 21. exd5 e4 22. dxe4 Qxg3+ 23. Qf2 Qxf2+ 24. Kxf2 f6 25. h4 Bg4 26. Bxg4+ hxg4 27. c4 Kc7 28. Rag1 f5 29. e5 b5 30. b3 bxc4 31. bxc4 Rb8 32. Kg3 Rb4 33. Rb1 Rxc4 34. Rhc1 Rxc1 35. Rxc1 Kb6 36. e6 Re8 37. Rd1 Kc7 38. d6+ Kd8 39. Re1 c4 40. Kf4 c3 41. Ke5 g3 42. Rb1 1-0

[Event "Ruhrgebiet-ch Seniors 10th"]
[Site "Essen"]
[Date "2003.03.24"]
[Round "1"]
[White "Schmitthoefer, Herbert"]
[Black "Kuehler, Wolfgang"]
[Result "1/2-1/2"]
[WhiteElo "1702"]
[BlackElo "2040"]
[PlyCount "107"]
[EventDate "2003.04.??"]
[EventType "swiss"]
[EventRounds "9"]
[EventCountry "GER"]
[SourceTitle "EXT 2006"]
[Source "ChessBase"]
[SourceDate "2005.11.24"]
[SourceVersion "1"]
[SourceVersionDate "2005.11.24"]
[SourceQuality "1"]

1. d4 d5 2. c4 c6 3. Nc3 Nf6 4. e3 g6 5. cxd5 Nxd5 6. Bc4 Nxc3 7. bxc3 Bg7 8. a4 Qa5 9. Qb3 0-0 10. Ba3 Qg5 11. g3 Nd7 12. h4 Qf6 13. e4 c5 14. e5 Qf5 15. Ne2 e6 16. Rd1 b6 17. Rg1 Bb7 18. g4 Qe4 19. Rd3 Rac8 20. Re3 Qc6 21. Bb5 Qc7 22. f4 Rfe8 23. f5 a6 24. Bxd7 Qxd7 25. fxe6 Qxe6 26. Qxe6 Rxe6 27. Kf2 cxd4 28. cxd4 Rc2 29. Rc3 Rc6 30. Rxc6 Bxc6 31. Rb1 b5 32. axb5 Bxb5 33. Rb2 Rxb2 34. Bxb2 Bf8 35. Nc3 Bc4 36. Ke3 Be7 37. g5 Bb4 38. Ke4 h6 39. d5 hxg5 40. hxg5 Kf8 41. Kd4 Bb3 42. d6 Ke8 43. Ne4 Kd7 44. Nc5+ Bxc5+ 45. Kxc5 Bd1 46. Bc3 Be2 47. Kb6 Bb5 48. Kc5 Ke6 49. Bd2 Kxe5 50. Bc3+ Ke6 51. Bf6 Bd7 52. Kb6 Bb5 53. Kc5 Be2 54. Bc3 1/2-1/2

[Event "Nordrhein Westfalen-ch Seniors 13th"]
[Site "Bad Salzuflen"]
[Date "2002.06.15"]
[Round "8"]
[White "Adam, Detlef"]
[Black "Schmitthoefer, Herbert"]
[Result "1-0"]
[WhiteElo "1998"]
[BlackElo "1839"]
[PlyCount "57"]
[EventDate "2002.06.??"]
[EventType "swiss"]
[EventRounds "9"]
[EventCountry "GER"]
[SourceTitle "EXT 2006"]
[Source "ChessBase"]
[SourceDate "2005.11.24"]
[SourceVersion "1"]
[SourceVersionDate "2005.11.24"]
[SourceQuality "1"]

1. e4 c5 2. c3 Nf6 3. e5 Nd5 4. d4 cxd4 5. cxd4 e6 6. Nc3 Bb4 7. Bd2 Nb6 8. Nf3 Nc6 9. Ne4 d5 10. Ng3 Bxd2+ 11. Qxd2 Bd7 12. Bd3 Nc4 13. Bxc4 dxc4 14. 0-0 Ne7 15. Ng5 h5 16. Qf4 Nf5 17. Nxf5 exf5 18. d5 0-0 19. e6 fxe6 20. Nxe6 Bxe6 21. dxe6 Rc8 22. Rfe1 Qe7 23. Rad1 Rc7 24. h3 Rf6 25. Rd6 Rf8 26. Red1 g5 27. Qe5 Qg7 28. Qd5 Qe7 29. Rd7 1-0